El Col·legi Sagrada Família d'Urgell : 75 anys de presència a Viladecans : 1930 - 2005 / Xavier Calderé i Bel 75 anys de presència a Viladecans :
ISBN:
84-923956-7-2
Descripción Física:
109 p. : fot. col. ; 21 cm
MARC
| LEADER | 00000nam a2200000Ia 4500 | ||
|---|---|---|---|
| 001 | 21992 | ||
| 008 | 160829s2006 xx 000 0 cat d | ||
| 020 | |a 84-923956-7-2 | ||
| 080 | |a E-1-347 | ||
| 100 | 1 | |a Calderé i Bel, Xavier |9 39415 | |
| 245 | |a El Col·legi Sagrada Família d'Urgell : |b 75 anys de presència a Viladecans : |b 1930 - 2005 / Xavier Calderé i Bel | ||
| 260 | |a Viladecans : |b Ajuntament de Viladecans, Arxiu Històric de Viladecans, |c 2006 | ||
| 300 | |a 109 p. : |b fot. col. ; |c 21 cm | ||
| 590 | |a Bibliografia | ||
| 650 | |a Col·legi Sagrada Família d'Urgell |x Història |9 39416 | ||
| 710 | 1 | |a Viladecans (Catalunya). |b Ajuntament |9 54292 | |
| 710 | 2 | |a Arxiu Municipal de Viladecans |9 54293 | |
| 901 | |a Arxiu | ||
| 942 | |n 1 | ||
| 952 | |0 0 |1 0 |4 0 |6 E1347 |7 1 |9 49000 |a Arxiu |b Arxiu |d 2016-12-01 |l 0 |o E-1-347 |p 21992 |r 2016-12-01 00:00:00 |w 2016-12-01 |y ARXIU | ||
| 999 | |c 52835 |d 52835 | ||